| 000 | 00734nam a2200193 i 4500 | ||
|---|---|---|---|
| 001 | 47102 | ||
| 003 | ES-MaACL | ||
| 005 | 20231227175041.0 | ||
| 007 | t| | ||
| 008 | 030403s1972 sp ||||1| spa d | ||
| 100 | 1 |
_aLozoya, Juan de Contreras y López de Ayala, _cMarqués de, _d1893-1978 _9129112 |
|
| 245 | 1 | 0 |
_aMuebles de estilo español _b: desde el gótico hasta el siglo XIX con el mueble popular / _ctexto del Marqués de Lozoya ; selección de ilustraciones, por José Claret Rubira. |
| 250 | _a4ª ed. | ||
| 260 |
_aBarcelona : _bGustavo Gili, _c[1972] |
||
| 300 |
_a452 p. : _b408 lám. ; _c31 cm. |
||
| 700 | 1 |
_aClaret Rubira, José. _939013 |
|
| 852 |
_aES-MaACL _jC-47206 _bR.84438 |
||
| 999 |
_c47102 _d47102 |
||